000 00349nam a2200145 i 4500
001 bg
100 1 _aANISCENKO, A.
245 0 _aArchitektura soorużenij s visjačimi pokrytijami /
_cA. Aniščenko.
260 _aKiev,
_c1970.
040 _cBPK
041 _apol
080 _a692:72
942 _cKS
008 s pl f |000 0 pol
999 _c12896
_d12896
856 _uhttp://koha.tu.koszalin.pl/cgi-bin/koha/opac-detail.pl?biblionumber=12896
_yKatalog online BPK